[Event "Winnipeg TNT September op"]
[Site "Winnipeg CAN"]
[Date "2007.09.18"]
[Round "3"]
[White "Huynh, Peter"]
[Black "Tang, Edward"]
[Result "1/2-1/2"]
[WhiteElo "1691"]
[BlackElo "2057"]
[PlyCount "78"]
[GameId "2160767910579439"]
[EventDate "2007.09.04"]
[EventType "swiss"]
[EventRounds "4"]
[EventCountry "CAN"]
[SourceTitle "EXT 2022"]
[Source "ChessBase"]
[SourceDate "2021.10.06"]
[SourceVersion "1"]
[SourceVersionDate "2021.10.06"]
[SourceQuality "1"]

1. c4 e6 2. g3 d5 3. Bg2 Nf6 4. Nf3 Be7 5. O-O O-O 6. b3 b6 7. Bb2 Bb7 8. d3 c5 9. Nbd2 Nc6 10. Re1 Qc7 11. Rc1 Rad8 12. cxd5 exd5 13. Rc2 Nb4 14. Rc1 d4 15. a3 Nc6 16. Rc2 Ng4 17. Qa1 Qb8 18. h3 Nge5 19. Nxe5 Nxe5 20. f4 Bxg2 21. Kxg2 Ng6 22. Rf1 h5 23. Qe1 Bd6 24. Nc4 h4 25. Nxd6 Rxd6 26. Bc1 Qb7+ 27. Kh2 f5 28. gxh4 Re8 29. h5 Ne7 30. Qg3 Nd5 31. e3 dxe3 32. Re2 Qf7 33. Rg1 Re7 34. Qg5 Nc3 35. Rxe3 Rxe3 36. Bxe3 Rxd3 37. h6 Rxe3 38. Qd8+ Re8 39. Rxg7+ Qxg7 1/2-1/2

[Event "Winnipeg TNT September op"]
[Site "Winnipeg CAN"]
[Date "2007.09.18"]
[Round "3"]
[White "Lipic, Stephen"]
[Black "Kwiatek, Jordan"]
[Result "0-1"]
[WhiteElo "1615"]
[BlackElo "1791"]
[PlyCount "52"]
[GameId "2160767910579440"]
[EventDate "2007.09.04"]
[EventType "swiss"]
[EventRounds "4"]
[EventCountry "CAN"]
[SourceTitle "EXT 2022"]
[Source "ChessBase"]
[SourceDate "2021.10.06"]
[SourceVersion "1"]
[SourceVersionDate "2021.10.06"]
[SourceQuality "1"]

1. f4 e5 2. fxe5 d6 3. exd6 Bxd6 4. Nf3 g5 5. g3 g4 6. Nh4 Ne7 7. d4 Ng6 8. Nxg6 hxg6 9. Qd3 Bf5 10. e4 Qe7 11. Bg2 Nc6 12. c3 O-O-O 13. Be3 Rxh2 14. Rxh2 Bxg3+ 15. Kd1 Ne5 16. Qe2 Bxh2 17. exf5 gxf5 18. Bxb7+ Kxb7 19. Qxh2 Nf3 20. Qf2 Re8 21. Bf4 Qe4 22. Bd2 Qd3 23. Kc1 Re2 24. Qg3 Rxd2 25. Nxd2 Qxd2+ 26. Kb1 Qd1# 0-1

[Event "Winnipeg TNT September op"]
[Site "Winnipeg CAN"]
[Date "2007.09.18"]
[Round "3"]
[White "Liu, Weixi"]
[Black "Khedkar, Jay S"]
[Result "1-0"]
[WhiteElo "1831"]
[BlackElo "2003"]
[PlyCount "83"]
[GameId "2160767910579441"]
[EventDate "2007.09.04"]
[EventType "swiss"]
[EventRounds "4"]
[EventCountry "CAN"]
[SourceTitle "EXT 2022"]
[Source "ChessBase"]
[SourceDate "2021.10.06"]
[SourceVersion "1"]
[SourceVersionDate "2021.10.06"]
[SourceQuality "1"]

1. d4 Nf6 2. c4 g6 3. Nc3 Bg7 4. e4 d6 5. f3 O-O 6. Be3 Nbd7 7. Qd2 e5 8. d5 Ne8 9. g4 Nc5 10. O-O-O a5 11. Nge2 f5 12. gxf5 gxf5 13. Bg5 Bf6 14. Bh6 Ng7 15. Rg1 Rf7 16. Ng3 Kh8 17. Bh3 fxe4 18. Bxc8 Qxc8 19. fxe4 Qh3 20. Kb1 Rg8 21. Rdf1 Ne8 22. Rf2 Rg6 23. Be3 Rfg7 24. Bxc5 dxc5 25. Rgf1 Bg5 26. Qc2 Bf4 27. Nce2 Bxg3 28. Nxg3 Nd6 29. Qc3 h5 30. Qxe5 Rg5 31. Qc3 h4 32. Ne2 Qxc3 33. Nxc3 Nxc4 34. b3 Ne3 35. Re1 Rg1 36. Rfe2 Nf1 37. Kb2 h3 38. Ka3 R7g2 39. e5 Kg8 40. d6 cxd6 41. exd6 Rxe2 42. Rxe2 1-0

[Event "Winnipeg TNT September op"]
[Site "Winnipeg CAN"]
[Date "2007.09.18"]
[Round "3"]
[White "Magnusson, Saul"]
[Black "Wasserman, Arie"]
[Result "1-0"]
[WhiteElo "1056"]
[BlackElo "1601"]
[PlyCount "52"]
[GameId "2160767910579442"]
[EventDate "2007.09.04"]
[EventType "swiss"]
[EventRounds "4"]
[EventCountry "CAN"]
[SourceTitle "EXT 2022"]
[Source "ChessBase"]
[SourceDate "2021.10.06"]
[SourceVersion "1"]
[SourceVersionDate "2021.10.06"]
[SourceQuality "1"]

1. e4 e5 2. Nf3 Nc6 3. Bb5 Bc5 4. O-O Nf6 5. Re1 Ng4 6. Rf1 a6 7. Ba4 d6 8. c3 O-O 9. d4 exd4 10. cxd4 Bb6 11. Nc3 Ne7 12. h3 Nf6 13. Bg5 Nd7 14. Bb3 Kh8 15. Nd5 f6 16. Nxb6 Nxb6 17. Bh4 Qe8 18. Qd3 Qg6 19. Bg3 d5 20. Nh4 Qxe4 21. Qxe4 dxe4 22. Bxc7 Nbd5 23. Bd6 Rd8 24. Bc5 Be6 25. Bxe7 Nxe7 26. Bxe6 Rxd4 1-0

[Event "Winnipeg TNT September op"]
[Site "Winnipeg CAN"]
[Date "2007.09.18"]
[Round "3"]
[White "Oberton, Daniel"]
[Black "Kaptsan, Aron"]
[Result "0-1"]
[WhiteElo "2011"]
[BlackElo "2030"]
[PlyCount "58"]
[GameId "2160767910579443"]
[EventDate "2007.09.04"]
[EventType "swiss"]
[EventRounds "4"]
[EventCountry "CAN"]
[SourceTitle "EXT 2022"]
[Source "ChessBase"]
[SourceDate "2021.10.06"]
[SourceVersion "1"]
[SourceVersionDate "2021.10.06"]
[SourceQuality "1"]

1. e4 e5 2. f4 exf4 3. Nf3 h6 4. d4 g5 5. h4 Bg7 6. Bc4 d6 7. Nc3 Nc6 8. hxg5 hxg5 9. Rxh8 Bxh8 10. d5 Ne5 11. Nxe5 Bxe5 12. Qh5 Qf6 13. Bd2 Qh6 14. Bb5+ Ke7 15. Qf3 a6 16. Be2 Qh1+ 17. Bf1 Nf6 18. O-O-O Bg4 19. Qd3 Bxd1 20. Nxd1 Qg1 21. Qc4 Qc5 22. Qb3 Qb6 23. Qc4 Rh8 24. Be1 Ng4 25. Be2 Ne3 26. Nxe3 Qxb2+ 27. Kd2 fxe3+ 28. Kxe3 Qc1+ 29. Kf2 Qf4+ 0-1

[Event "Winnipeg TNT September op"]
[Site "Winnipeg CAN"]
[Date "2007.09.18"]
[Round "3"]
[White "Reimer, Bruce"]
[Black "Einarsson, Ken"]
[Result "0-1"]
[WhiteElo "1541"]
[BlackElo "1683"]
[PlyCount "50"]
[GameId "2160767910579444"]
[EventDate "2007.09.04"]
[EventType "swiss"]
[EventRounds "4"]
[EventCountry "CAN"]
[SourceTitle "EXT 2022"]
[Source "ChessBase"]
[SourceDate "2021.10.06"]
[SourceVersion "1"]
[SourceVersionDate "2021.10.06"]
[SourceQuality "1"]

1. e4 e5 2. Nf3 Nc6 3. Bc4 Bc5 4. c3 Qf6 5. d3 h6 6. b4 Bb6 7. a4 a6 8. Bb2 d6 9. b5 axb5 10. Bxb5 Bd7 11. O-O O-O-O 12. Nbd2 Bg4 13. Bxc6 bxc6 14. a5 Ba7 15. a6 Ne7 16. Qb3 Kd7 17. d4 Rb8 18. Qc2 Rhd8 19. dxe5 dxe5 20. c4 Ng6 21. h3 Be6 22. Rfd1 Ke8 23. Ba3 Nf4 24. Qa4 Bxh3 25. gxh3 Qg6+ 0-1

[Event "Winnipeg TNT September op"]
[Site "Winnipeg CAN"]
[Date "2007.09.18"]
[Round "3"]
[White "Schulz, Waldemar"]
[Black "Silva, T Romero"]
[Result "1-0"]
[WhiteElo "2052"]
[BlackElo "1776"]
[PlyCount "89"]
[GameId "2160767910579445"]
[EventDate "2007.09.04"]
[EventType "swiss"]
[EventRounds "4"]
[EventCountry "CAN"]
[SourceTitle "EXT 2022"]
[Source "ChessBase"]
[SourceDate "2021.10.06"]
[SourceVersion "1"]
[SourceVersionDate "2021.10.06"]
[SourceQuality "1"]

1. d4 Nf6 2. c4 d6 3. Nc3 Nbd7 4. e4 c5 5. d5 g6 6. Nf3 Bg7 7. Be2 a6 8. O-O O-O 9. Ne1 Rb8 10. f3 Ne8 11. Be3 Nc7 12. a4 b6 13. Qd2 Re8 14. Rb1 Ne5 15. Nc2 Bd7 16. b4 Na8 17. Rb3 Qc7 18. Rfb1 Rec8 19. b5 a5 20. Qe1 Qd8 21. Qg3 f6 22. Rf1 Nc7 23. f4 Nf7 24. Ne1 f5 25. Bd3 Nh6 26. Nf3 Qf8 27. e5 Ng4 28. Bd2 Re8 29. h3 Nh6 30. e6 Bxe6 31. dxe6 Nxe6 32. Nd5 Nd4 33. Nxd4 Bxd4+ 34. Be3 e5 35. Be2 Qg7 36. Kh1 Nf7 37. Rd1 Nd8 38. Qg5 Ne6 39. Nf6+ Kh8 40. Nxe8 Rxe8 41. Qg3 exf4 42. Bxf4 Nxf4 43. Qxf4 Rxe2 44. Qxd6 Qe5 45. Qf8# 1-0

[Event "Winnipeg TNT September op"]
[Site "Winnipeg CAN"]
[Date "2007.09.18"]
[Round "3"]
[White "Van Wyk, Joseph"]
[Black "Greenberg, Harley"]
[Result "1-0"]
[WhiteElo "1913"]
[BlackElo "1827"]
[PlyCount "93"]
[GameId "2160767910579446"]
[EventDate "2007.09.04"]
[EventType "swiss"]
[EventRounds "4"]
[EventCountry "CAN"]
[SourceTitle "EXT 2022"]
[Source "ChessBase"]
[SourceDate "2021.10.06"]
[SourceVersion "1"]
[SourceVersionDate "2021.10.06"]
[SourceQuality "1"]

1. e4 c5 2. c3 d5 3. exd5 Qxd5 4. d4 Nc6 5. Nf3 Nf6 6. Be3 cxd4 7. cxd4 Bg4 8. Be2 e6 9. O-O Be7 10. Nc3 Qd7 11. h3 Bh5 12. g4 Bg6 13. Ne5 Qc7 14. Bf4 Qc8 15. Rc1 a6 16. d5 exd5 17. Nxd5 Nxd5 18. Qxd5 Qd8 19. Bf3 Nd4 20. Qxb7 O-O 21. Qxa8 Ne2+ 22. Kh2 Qd4 23. Nxg6 Rxa8 24. Nxe7+ Kf8 25. Be3 Qe5+ 26. Kg2 Nxc1 27. Bxa8 Nd3 28. Rd1 Nxb2 29. Bd4 Qb8 30. Bc5 Qxa8+ 31. Nc6+ Ke8 32. Rd8+ Qxd8 33. Nxd8 Kxd8 34. Bd4 Nc4 35. Bxg7 Ke7 36. g5 Kd6 37. Kf3 Kc5 38. Ke4 Kb4 39. f4 Ka3 40. h4 Kxa2 41. h5 a5 42. f5 Nd6+ 43. Ke5 Ne8 44. Bf8 a4 45. g6 fxg6 46. fxg6 hxg6 47. h6 1-0

[Event "Winnipeg TNT September op"]
[Site "Winnipeg CAN"]
[Date "2007.09.25"]
[Round "4"]
[White "Campbell, Gary"]
[Black "Boron, Anthony"]
[Result "0-1"]
[WhiteElo "1714"]
[BlackElo "1973"]
[PlyCount "50"]
[GameId "2160767910579447"]
[EventDate "2007.09.04"]
[EventType "swiss"]
[EventRounds "4"]
[EventCountry "CAN"]
[SourceTitle "EXT 2022"]
[Source "ChessBase"]
[SourceDate "2021.10.06"]
[SourceVersion "1"]
[SourceVersionDate "2021.10.06"]
[SourceQuality "1"]

1. d4 d5 2. c4 e5 3. dxe5 d4 4. Nf3 Nc6 5. a3 Bg4 6. Nbd2 Qe7 7. h3 Be6 8. Nb3 Bxc4 9. Nbxd4 O-O-O 10. Qc2 Nxd4 11. Qxc4 Nxf3+ 12. exf3 Qxe5+ 13. Be2 Bc5 14. O-O Nf6 15. Bf4 Qd4 16. Rac1 Qxc4 17. Bxc4 Nd5 18. Bxd5 Rxd5 19. Bxc7 Kxc7 20. b4 b6 21. bxc5 Rxc5 22. Rxc5+ bxc5 23. Rc1 Kc6 24. Kf1 Rb8 25. Ke2 Rb3 0-1

[Event "Winnipeg TNT September op"]
[Site "Winnipeg CAN"]
[Date "2007.09.25"]
[Round "4"]
[White "Einarsson, Ken"]
[Black "Wasserman, Leor"]
[Result "1-0"]
[WhiteElo "1683"]
[BlackElo "1498"]
[PlyCount "49"]
[GameId "2160767910579448"]
[EventDate "2007.09.04"]
[EventType "swiss"]
[EventRounds "4"]
[EventCountry "CAN"]
[SourceTitle "EXT 2022"]
[Source "ChessBase"]
[SourceDate "2021.10.06"]
[SourceVersion "1"]
[SourceVersionDate "2021.10.06"]
[SourceQuality "1"]

1. d4 d5 2. c4 Nf6 3. Nc3 e6 4. Bg5 c5 5. cxd5 exd5 6. Nf3 Nc6 7. dxc5 Bxc5 8. Bxf6 Qxf6 9. Qxd5 Bb4 10. Qd3 Bf5 11. e4 Bg6 12. a3 Bxc3+ 13. bxc3 O-O 14. Be2 Bxe4 15. Qe3 Rfe8 16. O-O Rad8 17. Qc1 Ne5 18. Nxe5 Qxe5 19. Re1 Qf6 20. f3 Bc6 21. Bc4 Qg6 22. Rxe8+ Rxe8 23. Qf4 Rf8 24. Rd1 Qc2 25. Qxf7+ 1-0

[Event "Winnipeg TNT September op"]
[Site "Winnipeg CAN"]
[Date "2007.09.25"]
[Round "4"]
[White "Gibson, Fred"]
[Black "Evans, Brian"]
[Result "0-1"]
[WhiteElo "1347"]
[BlackElo "1495"]
[PlyCount "62"]
[GameId "2160767910579449"]
[EventDate "2007.09.04"]
[EventType "swiss"]
[EventRounds "4"]
[EventCountry "CAN"]
[SourceTitle "EXT 2022"]
[Source "ChessBase"]
[SourceDate "2021.10.06"]
[SourceVersion "1"]
[SourceVersionDate "2021.10.06"]
[SourceQuality "1"]

1. e4 c5 2. Nf3 d6 3. Nc3 Nc6 4. d3 Bg4 5. Be2 Bxf3 6. Bxf3 e6 7. O-O Be7 8. Be3 Nf6 9. Qd2 d5 10. exd5 exd5 11. d4 c4 12. Rae1 O-O 13. Bd1 h6 14. Bxh6 gxh6 15. Qxh6 Nh7 16. Re3 Bg5 17. Rg3 Nxd4 18. f4 Nf5 19. Qh5 Nxg3 20. hxg3 Bf6 21. Bg4 Bxc3 22. bxc3 Qb6+ 23. Kh2 Qg6 24. Kg1 Nf6 25. Qxg6+ fxg6 26. Be6+ Kg7 27. g4 Rae8 28. g5 Rxe6 29. gxf6+ Rfxf6 30. g3 Re3 31. Kf2 Rxc3 0-1

[Event "Winnipeg TNT September op"]
[Site "Winnipeg CAN"]
[Date "2007.09.25"]
[Round "4"]
[White "Green, Jim"]
[Black "Lipic, Stephen"]
[Result "0-1"]
[WhiteElo "1753"]
[BlackElo "1615"]
[PlyCount "110"]
[GameId "2160767910579450"]
[EventDate "2007.09.04"]
[EventType "swiss"]
[EventRounds "4"]
[EventCountry "CAN"]
[SourceTitle "EXT 2022"]
[Source "ChessBase"]
[SourceDate "2021.10.06"]
[SourceVersion "1"]
[SourceVersionDate "2021.10.06"]
[SourceQuality "1"]

1. e4 c6 2. d3 Na6 3. Nf3 Nc7 4. g3 d5 5. exd5 cxd5 6. Bg2 Bg4 7. O-O g6 8. Re1 Nf6 9. Qe2 Bg7 10. Nbd2 Ne6 11. c3 O-O 12. h3 Bh5 13. Nf1 g5 14. g4 Bg6 15. Nxg5 Nxg5 16. Bxg5 h6 17. Bf4 e6 18. Ng3 Qb6 19. Be5 Rac8 20. Qd2 Kh7 21. Bd4 Qa6 22. Bf1 Rg8 23. Kh2 b5 24. f4 Kh8 25. f5 exf5 26. gxf5 Bh7 27. Qf4 Ra8 28. Re7 Rgf8 29. Bg2 b4 30. c4 Qa4 31. cxd5 b3 32. a3 Rad8 33. Rxa7 Qb5 34. Bxf6 Bxf6 35. Qxh6 Qb6 36. Ra4 Rg8 37. Rh4 Bxh4 38. Qxh4 Qd6 39. Be4 f6 40. Rc1 Rg5 41. d4 Rdg8 42. Rc6 Qe7 43. Qf4 Qg7 44. d6 Re8 45. d7 Rd8 46. Rc8 Qxd7 47. Rxd8+ Qxd8 48. d5 Bg8 49. Qh4+ Kg7 50. Nh5+ Kf7 51. Nf4 Qd6 52. Qf2 Qe5 53. Kh1 Qxe4+ 54. Ng2 Rxf5 55. Qa7+ Kg6 0-1

[Event "Winnipeg TNT September op"]
[Site "Winnipeg CAN"]
[Date "2007.09.25"]
[Round "4"]
[White "Kaptsan, Aron"]
[Black "Schulz, Waldemar"]
[Result "1/2-1/2"]
[WhiteElo "2030"]
[BlackElo "2052"]
[PlyCount "56"]
[GameId "2160767910579451"]
[EventDate "2007.09.04"]
[EventType "swiss"]
[EventRounds "4"]
[EventCountry "CAN"]
[SourceTitle "EXT 2022"]
[Source "ChessBase"]
[SourceDate "2021.10.06"]
[SourceVersion "1"]
[SourceVersionDate "2021.10.06"]
[SourceQuality "1"]

1. e4 c5 2. d4 cxd4 3. Nf3 e5 4. c3 dxc3 5. Nxc3 Nc6 6. Bc4 Bb4 7. O-O Bxc3 8. bxc3 Nge7 9. Ng5 d5 10. exd5 Na5 11. d6 Nxc4 12. Qa4+ Nc6 13. Qxc4 O-O 14. Qd3 g6 15. f4 Bf5 16. Qd5 Qf6 17. fxe5 Qxe5 18. Qb3 Qc5+ 19. Kh1 Na5 20. Qa4 Nc4 21. Bf4 Nxd6 22. Rad1 Nc4 23. Rd4 b5 24. Qd1 Qe7 25. Re1 Qf6 26. g4 Be6 27. Rf1 Qe7 28. Ne4 f5 1/2-1/2

[Event "Winnipeg TNT September op"]
[Site "Winnipeg CAN"]
[Date "2007.09.25"]
[Round "4"]
[White "Khedkar, Jay S"]
[Black "Greenberg, Harley"]
[Result "1/2-1/2"]
[WhiteElo "2003"]
[BlackElo "1827"]
[PlyCount "63"]
[GameId "2160767910579452"]
[EventDate "2007.09.04"]
[EventType "swiss"]
[EventRounds "4"]
[EventCountry "CAN"]
[SourceTitle "EXT 2022"]
[Source "ChessBase"]
[SourceDate "2021.10.06"]
[SourceVersion "1"]
[SourceVersionDate "2021.10.06"]
[SourceQuality "1"]

1. d4 Nf6 2. Nf3 e6 3. c4 c5 4. g3 d5 5. Bg2 Nc6 6. cxd5 exd5 7. O-O cxd4 8. Nxd4 Bc5 9. Nxc6 bxc6 10. Nc3 O-O 11. Qc2 Bb7 12. Na4 Bd6 13. Nc5 Bc8 14. Bg5 Rb8 15. e4 h6 16. Be3 Ng4 17. Bd4 dxe4 18. Qxe4 Re8 19. Qxc6 Nxh2 20. Kxh2 Qh4+ 21. Kg1 Qxd4 22. Qxe8+ Kh7 23. Be4+ f5 24. Nb3 Qxe4 25. Qxe4 fxe4 26. Rac1 Bg4 27. Rc2 Rb5 28. f4 exf3 29. Rc4 Rg5 30. Kf2 Be6 31. Rc3 Bd5 32. Rg1 1/2-1/2

[Event "Winnipeg TNT September op"]
[Site "Winnipeg CAN"]
[Date "2007.09.25"]
[Round "4"]
[White "Kwiatek, Jordan"]
[Black "Silva, T Romero"]
[Result "1-0"]
[WhiteElo "1791"]
[BlackElo "1776"]
[PlyCount "83"]
[GameId "2160767910579453"]
[EventDate "2007.09.04"]
[EventType "swiss"]
[EventRounds "4"]
[EventCountry "CAN"]
[SourceTitle "EXT 2022"]
[Source "ChessBase"]
[SourceDate "2021.10.06"]
[SourceVersion "1"]
[SourceVersionDate "2021.10.06"]
[SourceQuality "1"]

1. e4 c5 2. Nf3 Nc6 3. Nc3 a6 4. d4 cxd4 5. Nxd4 Qc7 6. g3 e6 7. Bg2 Nf6 8. O-O Be7 9. a4 O-O 10. Kh1 Rb8 11. Be3 b6 12. Nxc6 dxc6 13. e5 Nd7 14. f4 c5 15. Qh5 Bb7 16. Rf3 Bxf3 17. Bxf3 f5 18. exf6 Nxf6 19. Qh3 Qc8 20. g4 Rf7 21. g5 Ne8 22. Bg4 Nc7 23. a5 b5 24. Ne4 Qb7 25. Bf3 Qc8 26. Bg4 Qb7 27. Bf3 Qc8 28. Rd1 c4 29. Bd4 Rxf4 30. Nf6+ Bxf6 31. gxf6 e5 32. Qg3 Rxf6 33. Bxe5 Rg6 34. Qh4 Qe8 35. Bxc7 Rc8 36. Bf4 h6 37. Qh5 Rcc6 38. Qd5+ Kh8 39. Bh5 Qf7 40. Qxf7 Rgf6 41. Rd8+ Kh7 42. Qg8# 1-0

[Event "Winnipeg TNT September op"]
[Site "Winnipeg CAN"]
[Date "2007.09.25"]
[Round "4"]
[White "Magnusson, Saul"]
[Black "Huynh, Peter"]
[Result "1-0"]
[WhiteElo "1056"]
[BlackElo "1691"]
[PlyCount "45"]
[GameId "2160767910579454"]
[EventDate "2007.09.04"]
[EventType "swiss"]
[EventRounds "4"]
[EventCountry "CAN"]
[SourceTitle "EXT 2022"]
[Source "ChessBase"]
[SourceDate "2021.10.06"]
[SourceVersion "1"]
[SourceVersionDate "2021.10.06"]
[SourceQuality "1"]

1. e4 b6 2. d4 Bb7 3. Nc3 e6 4. Nf3 Bb4 5. Bd3 Ne7 6. Bd2 O-O 7. a3 Bxc3 8. Bxc3 d5 9. e5 Nd7 10. Bd2 c5 11. c3 f6 12. O-O fxe5 13. Bxh7+ Kh8 14. Ng5 e4 15. Qh5 Nf6 16. Qh3 Bc8 17. Bxe4+ Kg8 18. Bh7+ Kh8 19. Bd3+ Kg8 20. Nh7 e5 21. Nxf6+ Rxf6 22. Qh7+ Kf7 23. dxe5 1-0

[Event "Winnipeg TNT September op"]
[Site "Winnipeg CAN"]
[Date "2007.09.25"]
[Round "4"]
[White "Oberton, Daniel"]
[Black "Liu, Weixi"]
[Result "1/2-1/2"]
[WhiteElo "2011"]
[BlackElo "1831"]
[PlyCount "52"]
[GameId "2160767910579455"]
[EventDate "2007.09.04"]
[EventType "swiss"]
[EventRounds "4"]
[EventCountry "CAN"]
[SourceTitle "EXT 2022"]
[Source "ChessBase"]
[SourceDate "2021.10.06"]
[SourceVersion "1"]
[SourceVersionDate "2021.10.06"]
[SourceQuality "1"]

1. e4 e6 2. d4 d5 3. Nc3 Bb4 4. e5 c5 5. a3 Bxc3+ 6. bxc3 Qa5 7. Bd2 Ne7 8. Nf3 Qa4 9. Qb1 c4 10. Be2 Nbc6 11. O-O a6 12. g4 Na7 13. Nh4 Nb5 14. f4 g6 15. Qb2 Bd7 16. Ng2 h5 17. Ne3 hxg4 18. Nxg4 O-O-O 19. Nf6 Rh4 20. Be1 Rh6 21. Ng4 Rh3 22. Rf3 Rdh8 23. Rxh3 Rxh3 24. Kg2 Rh8 25. Nf6 Nf5 26. Ng4 Rh7 1/2-1/2

[Event "Winnipeg TNT September op"]
[Site "Winnipeg CAN"]
[Date "2007.09.25"]
[Round "4"]
[White "Tang, Edward"]
[Black "Rutter, Blair"]
[Result "1-0"]
[WhiteElo "2057"]
[BlackElo "1848"]
[PlyCount "55"]
[GameId "2160767910579456"]
[EventDate "2007.09.04"]
[EventType "swiss"]
[EventRounds "4"]
[EventCountry "CAN"]
[SourceTitle "EXT 2022"]
[Source "ChessBase"]
[SourceDate "2021.10.06"]
[SourceVersion "1"]
[SourceVersionDate "2021.10.06"]
[SourceQuality "1"]

1. d4 e6 2. c4 f5 3. g3 Nf6 4. Bg2 Be7 5. Nd2 O-O 6. Qc2 Nc6 7. e3 Rb8 8. Ngf3 b6 9. O-O Bb7 10. a3 Qe8 11. b4 Qh5 12. d5 exd5 13. cxd5 Nxd5 14. Qb3 Bf6 15. Qxd5+ Kh8 16. Qa2 Bxa1 17. Qxa1 d6 18. Bb2 Rf7 19. Rc1 Nd8 20. Qa2 c5 21. Qc4 d5 22. Qf4 Rc8 23. Ne5 Re7 24. g4 Qe8 25. gxf5 c4 26. f6 Ne6 27. f7 Qf8 28. Ng6+ 1-0

[Event "Winnipeg TNT September op"]
[Site "Winnipeg CAN"]
[Date "2007.09.25"]
[Round "4"]
[White "Wasserman, Arie"]
[Black "Reimer, Bruce"]
[Result "1-0"]
[WhiteElo "1601"]
[BlackElo "1541"]
[PlyCount "91"]
[GameId "2160767910579457"]
[EventDate "2007.09.04"]
[EventType "swiss"]
[EventRounds "4"]
[EventCountry "CAN"]
[SourceTitle "EXT 2022"]
[Source "ChessBase"]
[SourceDate "2021.10.06"]
[SourceVersion "1"]
[SourceVersionDate "2021.10.06"]
[SourceQuality "1"]

1. e4 Nf6 2. Nc3 d5 3. exd5 Nxd5 4. Nxd5 Qxd5 5. Qf3 Qa5 6. Bc4 e6 7. Ne2 Nc6 8. Bb3 Bd6 9. c3 Ne5 10. Qe4 O-O 11. d4 Nd7 12. Bc2 Nf6 13. Qd3 Qh5 14. Ng3 Qd5 15. O-O b6 16. c4 Ba6 17. cxd5 Bxd3 18. Bxd3 Nxd5 19. Ne4 Rad8 20. Nxd6 Rxd6 21. Bc4 Nb4 22. Be3 Nc2 23. Rad1 Rfd8 24. Bg5 f6 25. Be3 c5 26. Bb3 cxd4 27. Bf4 Rc6 28. Bxc2 Rxc2 29. Rd2 d3 30. Rfd1 Rxd2 31. Rxd2 e5 32. Be3 e4 33. f3 f5 34. fxe4 fxe4 35. g3 Rf8 36. Rf2 Rxf2 37. Kxf2 Kf7 38. Bd4 g5 39. Ke3 Ke6 40. g4 Kd5 41. Bf6 Ke6 42. Bxg5 Kf7 43. Kxe4 Kg6 44. h4 h5 45. gxh5+ Kxh5 46. Kxd3 1-0

[Event "Winterfest"]
[Site "Kelowna CAN"]
[Date "2007.02.17"]
[Round "?"]
[White "Levin, Chris"]
[Black "Moore, David"]
[Result "1/2-1/2"]
[WhiteElo "1912"]
[BlackElo "2020"]
[PlyCount "65"]
[GameId "2160767910718392"]
[EventDate "2007.02.17"]
[EventType "swiss"]
[EventRounds "5"]
[EventCountry "CAN"]

1. e4 c5 2. Nf3 d6 3. d4 cxd4 4. Nxd4 Nf6 5. Nc3 g6 6. f4 Bg7 7. e5 dxe5 8. fxe5 Nh5 9. Bb5+ Bd7 10. g4 Qc7 11. Nf3 Bxb5 12. Nxb5 Qa5+ 13. Nc3 Bxe5 14. gxh5 Bxc3+ 15. bxc3 Qxh5 16. Rb1 b6 17. Qe2 O-O 18. Rb5 Qh3 19. Bb2 Nd7 20. Rg1 Nc5 21. Rb4 f6 22. Rbg4 Rae8 23. Nh4 f5 24. Rxg6+ hxg6 25. Rxg6+ Kf7 26. Qh5 Qe3+ 27. Kd1 Rd8+ 28. Rd6+ Kg8 29. Qg6+ Kh8 30. c4+ e5 31. Qh5+ Kg8 32. Qg6+ Kh8 33. Qh5+ 1/2-1/2

[Event "York Region April op"]
[Site "Richmond Hill CAN"]
[Date "2007.04.14"]
[Round "1"]
[White "Orlova, Yelizaveta"]
[Black "Armstrong, Robert J"]
[Result "1-0"]
[WhiteElo "1895"]
[BlackElo "1740"]
[PlyCount "79"]
[GameId "2160767910693116"]
[EventDate "2007.04.14"]
[EventType "swiss"]
[EventRounds "5"]
[EventCountry "CAN"]

1. d4 g6 2. Nf3 Bg7 3. Nbd2 Nf6 4. e4 d6 5. Be2 O-O 6. O-O c5 7. c3 a6 8. a4 b6 9. Re1 Bb7 10. Bd3 Nbd7 11. Qe2 e5 12. dxe5 dxe5 13. Nc4 Qc7 14. Bg5 b5 15. axb5 axb5 16. Na3 c4 17. Bc2 Ra5 18. Bxf6 Nxf6 19. Rad1 Rfa8 20. Qd2 Bf8 21. Qg5 Nd7 22. Nb1 Ra2 23. Qc1 b4 24. cxb4 Bxb4 25. Re3 Ra1 26. Bd3 Rc8 27. Bf1 Nf6 28. Qc2 Qa5 29. Bxc4 Ba6 30. b3 Ra2 31. Qd3 Bxc4 32. bxc4 Ng4 33. Qd7 Rxc4 34. Qxg4 Rcc2 35. Red3 Rxf2 36. Rd8+ Kg7 37. Nh4 Bc5 38. Kh1 Qxd8 39. Nf5+ Kh8 40. Rxd8+ 1-0

[Event "York Region April op"]
[Site "Richmond Hill CAN"]
[Date "2007.04.14"]
[Round "2"]
[White "Lai, Matthew"]
[Black "Armstrong, Robert J"]
[Result "1-0"]
[WhiteElo "1905"]
[BlackElo "1740"]
[PlyCount "49"]
[GameId "2160767910693117"]
[EventDate "2007.04.14"]
[EventType "swiss"]
[EventRounds "5"]
[EventCountry "CAN"]

1. e4 g6 2. d4 Bg7 3. f4 d6 4. Nf3 Nf6 5. Nc3 O-O 6. Bd3 c5 7. d5 e6 8. dxe6 fxe6 9. O-O a6 10. Kh1 b5 11. e5 Nd5 12. Nxd5 exd5 13. Bxg6 dxe5 14. Bxh7+ Kxh7 15. Ng5+ Kg8 16. Qh5 Rf6 17. Qh7+ Kf8 18. Be3 Ra7 19. Bxc5+ Re7 20. fxe5 Rxf1+ 21. Rxf1+ Ke8 22. Qg8+ Kd7 23. Qxd8+ Kxd8 24. Bxe7+ Kxe7 25. Rf7+ 1-0

[Event "York Region April op"]
[Site "Richmond Hill CAN"]
[Date "2007.04.14"]
[Round "3"]
[White "Armstrong, Robert J"]
[Black "Gillanders, Robert"]
[Result "1-0"]
[WhiteElo "1740"]
[BlackElo "1805"]
[PlyCount "65"]
[GameId "2160767910693118"]
[EventDate "2007.04.14"]
[EventType "swiss"]
[EventRounds "5"]
[EventCountry "CAN"]

1. d4 Nf6 2. c4 c5 3. d5 e6 4. Nc3 exd5 5. cxd5 d6 6. e4 g6 7. f4 Bg7 8. Nf3 O-O 9. Bd3 Bg4 10. O-O Re8 11. h3 Bxf3 12. Qxf3 a6 13. a4 Nbd7 14. Bd2 Qc7 15. Ne2 Rab8 16. a5 Re7 17. g4 h6 18. Ng3 Rbe8 19. Bc3 c4 20. Bc2 Qc5+ 21. Kh1 Qc7 22. h4 Nc5 23. e5 Nh7 24. e6 Nxe6 25. dxe6 Rxe6 26. Bxg7 Kxg7 27. Qc3+ Kg8 28. Rae1 Qe7 29. Rxe6 Qxh4+ 30. Kg2 Rxe6 31. f5 gxf5 32. Bxf5 d5 33. Bxh7+ 1-0